Prospecto
Guardat en:
| Autor corporatiu: | |
|---|---|
| Format: | Llibre |
| Idioma: | espanyol |
| Publicat: |
Valparaíso
Universo
1940
|
| Edició: | 1a. ed |
| Matèries: | |
| Etiquetes: |
Afegir etiqueta
Sense etiquetes, Sigues el primer a etiquetar aquest registre!
|
MARC
| LEADER | 00000cam a2200000 a 4500 | ||
|---|---|---|---|
| 001 | UCK1794 | ||
| 003 | CL-VaPUC | ||
| 008 | 041126e19400000CL |||||||||||||||||spa|d | ||
| 082 | 0 | 4 | |a 378.83 |b UNI |2 21 |
| 110 | 2 | |a Universidad Católica de Valparaíso |e author |9 489676 | |
| 245 | 1 | 0 | |a Prospecto |
| 250 | |a 1a. ed | ||
| 300 | |a 75 p | ||
| 942 | |c BK | ||
| 945 | |d 20041126 00:00:00 |a cmena | ||
| 260 | |a Valparaíso |b Universo |c 1940 | ||
| 600 | 0 | |a Universidad Católica de Valparaíso |9 267924 | |
| 600 | 0 | |a Fundación Isabel Caces de Brown |9 487637 | |
| 650 | 0 | |a Universidades |9 256317 | |
| 650 | 0 | |a Educación superior |9 223851 | |
| 650 | 0 | |a Planes de estudio |9 309935 | |
| 651 | 0 | |a Región 05 |9 267528 | |
| 651 | 0 | |a Valparaíso, Chile |9 261144 | |
| 583 | |a last modification |c 20130423 03:51:22 |k Rodrigo Vera | ||
| 999 | |c 311606 |d 311604 | ||
| 952 | |0 0 |1 0 |4 0 |6 378_830000000000000_UNI_1940 |7 0 |8 P |9 381084 |a BIBEDU |b BIBEDU |c BIBEDU_PB |d 2019-11-21 |i 4081897 |o 378.83 UNI 1940 |p 4081897 |r 2019-11-21 |w 2019-11-21 |y BK |k PAR | ||
| 952 | |0 0 |1 0 |4 0 |6 378_830000000000000_UNI_1940 |7 0 |8 X |9 381085 |a FDOBUD |b FDOBUD |d 2019-11-21 |i 4967909 |o 378.83 UNI 1940 |p 4967909 |r 2019-11-21 |w 2019-11-21 |y BK_X |k FHP | ||
| 952 | |0 0 |1 0 |3 erb |4 0 |6 378_830000000000000_UNI_1940 |7 0 |8 X |9 381086 |a FDOBUD |b FDOBUD |i 5032652 |o 378.83 UNI 1940 |p 5032652 |r 2019-11-21 |w 2019-11-21 |y BK_X |z Catalogado en:20140724 |k FHP | ||